Mabāḥith falsafīyah dīnīyah li-baʻḍ al-qudamāʾ min ʻulamāʾ al-Naṣrānīyah /

محفوظ في:

المؤلف الرئيسي: Sbath, Paul (مؤلف)

التنسيق: كتاب

اللغة: Arabic
French

منشور في: al-Qāhirah : Maktabat H. Frīdrīkh, 1929.

الموضوعات:

الوسوم: إضافة وسم

لا توجد وسوم, كن أول من يضع وسما على هذه التسجيلة!

رقم الطلب: PJ7803 .S34 1929

LEADER 01326nam a2200265Ia 4500
003 OSt
005 20231122095632.0
008 130303s1929 ua 000 0 ara d
952 |0 0  |1 0  |2 lcc  |4 0  |6 PJ7803 S34 01929  |7 1  |9 6018  |a ARCE  |b ARCE  |d 2020-09-16  |l 0  |o PJ7803 .S34 1929  |p 1023114  |r 2020-09-16 00:00:00  |w 2020-09-16  |y BK 
999 |c 30113  |d 30113 
040 |c ARCE Library 
041 0 |a ara  |a fre 
050 4 |a PJ7803 .S34 1929 
100 1 |6 880-01  |a Sbath, Paul,  |e author  |9 39321 
245 1 0 |6 880-02  |a Mabāḥith falsafīyah dīnīyah li-baʻḍ al-qudamāʾ min ʻulamāʾ al-Naṣrānīyah /   |c intakhabahā Būlus Sabāṭ, wa-ṣaḥḥaḥahā wa-ʻallaqa ʻalayhā. 
264 1 |a al-Qāhirah :  |b Maktabat H. Frīdrīkh,  |c 1929. 
300 |a 7, 206 pages ;   |c 22 cm. 
500 |a Title on added title pages : Vingt traités philosophiques et apologétiques d'auteurs arabes chrétiens du IXe au XIVe siècle. 
546 |a In Arabic, with French preface. 
650 0 |a Apologetics  |v Early works to 1800. 
650 0 |a Arabic literature  |x Christian authors. 
880 1 |6 100-01/(3/r  |a سباط، بولس 
880 1 0 |6 245-02/(3/r  |a مباحث فلسفية دينية لبعض القدماء من علماء النصرانية   |c انتخبها بولس سباط، و صححها و علق عليها 
901 |a reviewed 
942 |c BK  |2 lcc